000 00981nam a2200253 a 4500
001 BRL_537
005 20190320210805.0
008 020913s1987----sp-a######---#000-0#spa-#
020 _a8401573131
041 _aspa
044 _asp
050 4 _aNA1309.C2
_b.P53 1987
100 1 _aPladevall, Antoni
_924236
245 1 0 _aAsí es Cataluña
_bguía del patrimonio arquitectónico
_cGeneralitat de Catalunya, Departament de Cultura, Direccioì General del Patrimoni Artisti ; textos, Antoni Pladevall i Font, con la colaboración de Montserrat Pagès i Paretas
260 _aBarcelona
_bPlaza & Janés
_c1987
300 _a515 p.
_bil., mapas
_c23 cm.
500 _aAu561
650 1 4 _aArquitectura
_vGuías
_zEspaña, Cataluña
_924237
650 1 4 _aEdificios históricos
_vGuías
_zEspaña, Cataluña
_924238
700 1 _aPagès i Paretas, Montserrat
_924239
710 2 _aCataluña (España)
_bDirecció General del Patrimoni Artístic
_924240
902 _aGRL
942 _2lcc
_cB
999 _c9349
_d9349